|
|
|
|
| LEADER |
00854nam a2200217 a 4500 |
| 008 |
090802s1957 enk 000 1 eng d |
| 020 |
|
|
|a 0140437878
|
| 020 |
|
|
|a 088734724X (pbk.)
|
| 040 |
|
|
|a DLC
|c DLC
|d DLC
|
| 082 |
0 |
0 |
|a 822/.912
|
| 100 |
1 |
|
|a Shaw, Bernard,
|d 1856-1950.
|
| 245 |
1 |
0 |
|a Heartbreak house /
|c by George Bernard Shaw ; edited by Dan H. Laurence.
|
| 260 |
|
|
|a London :
|b Penguin,
|c c1957.
|
| 300 |
|
|
|a 160 p. ;
|c 20 cm.
|
| 490 |
0 |
|
|a Penguin classics.
|
| 541 |
1 |
|
|e 00012015
|
| 600 |
1 |
0 |
|a Shaw, Bernard,
|d 1856-1950.
|t Heartbreak house
|
| 700 |
1 |
|
|a Laurence, Dan H.
|
| 852 |
4 |
|
|a Ayesha Abed Library
|j General shelf
|
| 999 |
|
|
|c 3721
|d 3721
|
| 952 |
|
|
|0 0
|1 0
|2 ddc
|4 0
|6 822_912000000000000_SHA
|7 0
|9 3378
|a BRACUL
|b BRACUL
|c GEN
|d 2009-09-03
|g 0.00
|l 13
|m 51
|o 822.912 SHA
|p 3010012015
|r 2025-03-06
|s 2025-03-06
|t 1
|w 2009-09-03
|y BK
|x No price found in the accession register.
|